LEADER 01603nam1 2200421 450 001 990002976990203316 005 20070925113653.0 035 $a000297699 035 $aUSA01000297699 035 $a(ALEPH)000297699USA01 035 $a000297699 100 $a20070925d--------km-y0itay50------ba 101 $afre 102 $aFR 105 $a||||||||001yy 200 1 $aFouilles exécutées à Mallia$ele quartier Mu 210 $aParis$cLibrairie orientaliste Paul Geuthner 215 $av.$d29 cm. 225 2 $aÉtudes crétoises 300 $aIn testa al front.: École française d'Athènes 410 0$12001$aÉtudes crétoises 454 1$12001 461 1$1001-------$12001 463 \1$1001990002977010203316$12001 $a<<1.>> : Introduction générale$aÉcriture hiéroglyphique crétoise 463 \1$1001990002977050203316$12001 $a<<2.>> : Vases de pierre et de métal, vannerie, figurines et reliefs d'applique, éléments de parure et de décoration, armes, sceaux et empreintes 463 \1$1001990002977310203316$12001 $a<<3.>> : Artisans minoens$eles maisons-ateliers du quartier Mu 463 \1$1001990002977320203316$12001 $a<<4.>> : <> poterie du minoen moyen 2.$eproduction et utilisation 606 0 $aScavi archeologici$yMalia 676 $a939.18 801 0$aIT$bsalbc$gISBD 912 $a990002976990203316 951 $aXI.3.B. 435$bL.M.$cXI.3.B. 959 $aBK 969 $aUMA 979 $aRIVELLI$b90$c20070925$lUSA01$h1129 979 $aRIVELLI$b90$c20070925$lUSA01$h1136 996 $aFOUILLES exècutèes a Mallia$9603901 997 $aUNISA LEADER 01955nam0 2200421 i 450 001 VAN0125686 005 20220311085631.319 017 70$2N$a9789811060861 100 $a20191202d2018 |0itac50 ba 101 $aeng 102 $aSG 105 $a|||| ||||| 200 1 $aPolymer Gels$eScience and Fundamentals$fVijay Kumar Thakur, Manju Kumari Thakur editors 210 $aSingapore$cSpringer$d2018 215 $aX, 492 p.$cill.$d24 cm 410 1$1001VAN0125687$12001 $aGels Horizons: From Science to Smart Materials$1210 $aSingapore$cSpringer$d2018- 620 $aSG$dSingapore$3VANL000061 676 $a540$cChimica generale$v22 676 $a615.19$cChimica farmaceutica. Tecnologia farmaceutica. Chimica medica$v22 676 $a620.192$cPolimeri$v22 676 $a610.28$cIngegneria biomedica$v22 702 1$aThakur$bManju K.$3VANV096164 702 1$aThakur$bVijay K.$3VANV096163 712 $aSpringer $3VANV108073$4650 790 1$aThakur, Manju Kumari$zThakur, Manju K.$3VANV100171 790 1$aThakur, M. K.$zThakur, Manju K.$3VANV103648 790 1$aThakur, M.K.$zThakur, Manju K.$3VANV201060 790 1$aThakur, Vijay Kumar$zThakur, Vijay K.$3VANV100170 790 1$aThakur, V. K.$zThakur, Vijay K.$3VANV103650 790 1$aThakur, V.K.$zThakur, Vijay K.$3VANV201051 801 $aIT$bSOL$c20240614$gRICA 856 4 $uhttps://link.springer.com/book/10.1007/978-981-10-6086-1$zE-book - Accesso al full-text attraverso riconoscimento IP di Ateneo, proxy e/o Shibboleth 899 $aBIBLIOTECA DEL DIPARTIMENTO DI SCIENZE E TECNOLOGIE AMBIENTALI BIOLOGICHE E FARMACEUTICHE$1IT-CE0101$2VAN17 912 $fN 912 $aVAN0125686 950 $aBIBLIOTECA DEL DIPARTIMENTO DI SCIENZE E TECNOLOGIE AMBIENTALI BIOLOGICHE E FARMACEUTICHE$d17CONS e-book 2112 $e17BIB2112/253 253 20191202 996 $aPolymer Gels$91568112 997 $aUNICAMPANIA LEADER 01681nam0 22003373i 450 001 VAN0238204 005 20220610021943.975 017 70$2N$a9783030224646 100 $a20220125d2020 |0itac50 ba 101 $aeng 102 $aCH 105 $a|||| ||||| 200 1 $aStewardship of Future Drylands and Climate Change in the Global South$eChallenges and Opportunities for the Agenda 2030$feditors Simone Lucatello ... [et al.] 210 $aCham$cSpringer$d2020 215 $aXXVI, 359 p.$cill.$d24 cm 410 1$1001VAN0237550$12001 $aSpringer Climate$1210 $aCham$cSpringer$d2021- 620 $aCH$dCham$3VANL001889 676 $a632.1$cDanni causati da fattori ambientali. Cambiamenti climatici$v22 676 $a577$cEcologia$v22 676 $a338.927$cTecnologia alternativa. Economia ambientale. Sviluppo sostenibile$v22 676 $a630$cAgricoltura e tecnologie connesse$v22 702 1$aLucatello$bSimone$3VANV195239 712 $aSpringer $3VANV108073$4650 801 $aIT$bSOL$c20240614$gRICA 856 4 $uhttps://link.springer.com/book/10.1007/978-3-030-22464-6$zE-book - Accesso al full-text attraverso riconoscimento IP di Ateneo, proxy e/o Shibboleth 899 $aBIBLIOTECA DEL DIPARTIMENTO DI SCIENZE E TECNOLOGIE AMBIENTALI BIOLOGICHE E FARMACEUTICHE$1IT-CE0101$2VAN17 912 $fN 912 $aVAN0238204 950 $aBIBLIOTECA DEL DIPARTIMENTO DI SCIENZE E TECNOLOGIE AMBIENTALI BIOLOGICHE E FARMACEUTICHE$d17CONS e-book 2223 $e17BIB2223/176 176 20220125 996 $aStewardship of Future Drylands and Climate Change in the Global South$91991483 997 $aUNICAMPANIA